00411nam a22001457a 4500008004100000040005500041080001700096245003700113260003700150300001600187500001200203650001300215653001400228700002300242230526b |||||||| |||| 00| 0 eng d aNational Science LibrarycNational Science Library a58.001.5(05) aAdvances in botanical research  aLondon: bAcademic Press, c1965 axii, 382p.  aVol. 2  aScience  aBotanical aPreston, R D (Ed.)